000 00719nab#a2200229#c#4500
999 _c87698
_d87698
003 IEF
005 20191211123029.0
008 950704s1975 uuu|| #####0 b| |u
040 _aIEF
_cES-MaIEF
100 1 _aKatona, George
_923423
245 _aActitudes de los americanos hacia el gasto público y su financiación
_c George Katona
260 _aMadrid
_b Instituto de Estudios Fiscales [IEF]
_c1975
650 4 _aSOCIOLOGIA FINANCIERA
_948474
650 4 _aSOCIOLOGIA TRIBUTARIA
_948479
650 4 _aESTADOS UNIDOS
_942888
650 4 _aGASTO PUBLICO
_944787
650 4 _aFINANCIACION
_944260
773 0 _tHacienda pública española
_w34570
_g34, p. 147-154
942 _2udc
942 _2udc